| 000 | 00562nam a2200169Ia 4500 | ||
|---|---|---|---|
| 008 | 230917s9999||||xx |||||||||||||| ||und|| | ||
| 020 | _cRS295 | ||
| 040 |
_e237388 _aMAIN |
||
| 041 | _aEnglish | ||
| 082 | _a658.3 S64I | ||
| 100 | _aSingh, Y K | ||
| 245 | 0 | _aInternational human resource management: Indian School of Business Management and Administration, An ISO 9001: 2000 Certified Institution | |
| 260 |
_aNew Delhi _bAPH Publishing _c2016 |
||
| 300 | _av, 195 p. | ||
| 500 | _a2576 19/01/2017 HBD17/6797 25/01/2017 IMSAR (Dev. & Research) | ||
| 942 | _cBK | ||
| 999 |
_c21034 _d21034 |
||